[Event "Jay Khedkar mem."]
[Site "Winnipeg CAN"]
[Date "2022.11.22"]
[Round "4.2"]
[White "Baron, Gustav"]
[Black "Letain, Cory"]
[Result "1-0"]
[WhiteElo "2058"]
[BlackElo "1799"]
[PlyCount "43"]
[EventDate "2022.11.01"]
[EventType "swiss"]
[EventRounds "5"]
[EventCountry "CAN"]

1. e4 c6 2. d4 d5 3. e5 e6 4. Bd3 c5 5. c3 Nc6 6. Be3 cxd4 7. cxd4 Bb4+ 8. Nc3
Qa5 9. Nge2 Nge7 10. O-O Bd7 11. a3 Bxc3 12. Nxc3 Ng6 13. b4 Qd8 14. f4 Qh4 15.
Rf3 Qe7 16. Nb5 O-O-O 17. Nd6+ Kb8 18. g3 h5 19. Qd2 Rdg8 20. b5 Nd8 21. Rc1 b6
22. Qc3 1-0

[Event "Jay Khedkar mem."]
[Site "Winnipeg CAN"]
[Date "2022.11.22"]
[Round "4.3"]
[White "Minano, John"]
[Black "Jodar, Marlon"]
[Result "0-1"]
[WhiteElo "1794"]
[BlackElo "2310"]
[PlyCount "103"]
[EventDate "2022.11.01"]
[EventType "swiss"]
[EventRounds "5"]
[EventCountry "CAN"]

1. e4 e5 2. Nf3 Nc6 3. Bb5 a6 4. Bxc6 dxc6 5. O-O Bg4 6. d3 f6 7. h3 Be6 8. d4
exd4 9. Nxd4 Bc4 10. Re1 c5 11. Nf5 Qxd1 12. Rxd1 Ne7 13. Ne3 Bf7 14. Nc3 Nc6
15. Ned5 Bd6 16. Be3 Rd8 17. Rd2 Ne5 18. b3 c6 19. Nf4 g5 20. Nfe2 Be7 21.
Rxd8+ Kxd8 22. Rd1+ Kc7 23. Ng3 Re8 24. Nf5 Bf8 25. f3 b5 26. Kf2 h5 27. f4
gxf4 28. Bxf4 c4 29. Be3 Bg6 30. Ne2 cxb3 31. axb3 Nd7 32. Bf4+ Ne5 33. Be3 a5
34. Nf4 Bf7 35. Ra1 Ra8 36. Nd4 Kd7 37. Rd1 Ke8 38. Nde6 Bxe6 39. Nxe6 Kf7 40.
Nxf8 Rxf8 41. Bf4 Ke6 42. Ra1 Ra8 43. Ke3 c5 44. Bxe5 Kxe5 45. Rd1 a4 46. Rd5+
Ke6 47. bxa4 bxa4 48. Rd1 a3 49. Ra1 a2 50. Kd3 Ke5 51. g3 Ra4 52. Ke3 0-1

[Event "Jay Khedkar mem."]
[Site "Winnipeg CAN"]
[Date "2022.11.22"]
[Round "4.4"]
[White "Charter, Bennet"]
[Black "Rutter, Blair"]
[Result "1/2-1/2"]
[WhiteElo "1727"]
[BlackElo "1900"]
[PlyCount "72"]
[EventDate "2022.11.01"]
[EventType "swiss"]
[EventRounds "5"]
[EventCountry "CAN"]

1. e4 e6 2. d4 d5 3. e5 c5 4. Nf3 Nc6 5. Bd3 Bd7 6. O-O cxd4 7. Bf4 Qb6 8. Nbd2
Rc8 9. Nb3 a5 10. a3 a4 11. Nbd2 Na5 12. Ng5 g6 13. Rb1 h6 14. Ngf3 Ne7 15. Re1
Bb5 16. Bxb5+ Qxb5 17. Nxd4 Qd7 18. N2f3 Bg7 19. Qd3 Nc4 20. b3 axb3 21. cxb3
Na5 22. Nb5 O-O 23. Nd6 Ra8 24. Nd4 Nac6 25. N4b5 Nf5 26. Nxf5 gxf5 27. a4 Kh7
28. Re3 f6 29. exf6 Bxf6 30. Bxh6 Ne5 31. Rxe5 Kxh6 32. Re3 Rh8 33. Rh3+ Kg7
34. Qg3+ Kf7 35. Rxh8 Rxh8 36. Rc1 Bd8 1/2-1/2

[Event "Jay Khedkar mem."]
[Site "Winnipeg CAN"]
[Date "2022.11.22"]
[Round "4.5"]
[White "Boron, Anthony"]
[Black "MacPherson, Al"]
[Result "1-0"]
[WhiteElo "2011"]
[BlackElo "1749"]
[PlyCount "81"]
[EventDate "2022.11.01"]
[EventType "swiss"]
[EventRounds "5"]
[EventCountry "CAN"]

1. d4 d5 2. Nf3 e6 3. e3 Nf6 4. Bd3 c5 5. O-O Nc6 6. c3 b6 7. Nbd2 Bb7 8. Qa4
c4 9. Bb1 Bd6 10. e4 dxe4 11. Nxe4 O-O 12. Qxc4 Nxe4 13. Bxe4 Rc8 14. Qe2 Be7
15. Bf4 Na5 16. Ne5 Bxe4 17. Qxe4 Qd5 18. Qxd5 exd5 19. Rfe1 Rfe8 20. Kf1 f6
21. Nd3 g5 22. Bg3 Nc4 23. Re2 Nd6 24. Nb4 Nf5 25. Nxd5 Kf7 26. Rae1 h5 27.
Nxe7 Nxe7 28. Bd6 Nf5 29. Rxe8 Rxe8 30. Rxe8 Kxe8 31. Bb8 a6 32. Ba7 b5 33. Bc5
Kd7 34. b3 Ng7 35. d5 Ne8 36. Ke2 f5 37. f3 Nf6 38. c4 g4 39. Ke3 Kc7 40. Kf4
Nd7 41. Bd4 1-0

[Event "Jay Khedkar mem."]
[Site "Winnipeg CAN"]
[Date "2022.11.22"]
[Round "4.7"]
[White "Odeyemi, Emmanuel"]
[Black "Sharma, Rohit"]
[Result "1-0"]
[WhiteElo "1298"]
[BlackElo "1727"]
[PlyCount "123"]
[EventDate "2022.11.01"]
[EventType "swiss"]
[EventRounds "5"]
[EventCountry "CAN"]

1. d4 e6 2. c4 d5 3. e3 Nf6 4. Nc3 Bb4 5. Nf3 O-O 6. Bd3 a6 7. O-O c6 8. a3
Bxc3 9. bxc3 Re8 10. Re1 Qa5 11. Qc2 h6 12. Bd2 Qd8 13. h3 Nbd7 14. cxd5 exd5
15. c4 dxc4 16. Bxc4 Ne4 17. Bd3 Nxd2 18. Nxd2 Nf6 19. Nf3 Qd5 20. Bc4 Qh5 21.
Ne5 Be6 22. Bf1 Nd7 23. Nd3 Qg6 24. Kh1 Nf6 25. Qb2 Rab8 26. Nf4 Qg5 27. Nxe6
Rxe6 28. Bxa6 Ne4 29. Bf1 Rf6 30. Re2 Re8 31. Ra2 Re7 32. Ra1 Ree6 33. a4 Re7
34. a5 g6 35. Qc2 Kg7 36. a6 bxa6 37. Rxa6 Ree6 38. Qb2 Qd5 39. Ra1 Ng5 40. Kg1
Ne4 41. Rc2 Qg5 42. Bd3 Qh4 43. Bxe4 Qxe4 44. Rac1 g5 45. Qb6 c5 46. Qxc5 Rc6
47. Qe5 Qxc2 48. Rxc2 Rxc2 49. f3 Rcc6 50. d5 Rcd6 51. e4 Kf8 52. Kf2 Kg8 53.
Ke3 Ra6 54. Kd4 Rfd6 55. Kc5 Rdb6 56. d6 Rxd6 57. Qxd6 Rxd6 58. Kxd6 Kf8 59. g3
h5 60. f4 gxf4 61. gxf4 h4 62. f5 1-0

[Event "Jay Khedkar mem."]
[Site "Winnipeg CAN"]
[Date "2022.11.22"]
[Round "4.8"]
[White "Klokow, John"]
[Black "Zhou, Joe (Zixuan)"]
[Result "0-1"]
[WhiteElo "1661"]
[BlackElo "1267"]
[PlyCount "92"]
[EventDate "2022.11.01"]
[EventType "swiss"]
[EventRounds "5"]
[EventCountry "CAN"]

1. e4 c5 2. Nf3 Nc6 3. b4 cxb4 4. d4 d5 5. exd5 Qxd5 6. c4 bxc3 7. Nxc3 Qa5 8.
Bd2 e6 9. Bc4 Bb4 10. Rc1 Nf6 11. O-O a6 12. Re1 O-O 13. Qb3 Rd8 14. Be3 b5 15.
Bf1 Bb7 16. Red1 Bxc3 17. Rxc3 Nd5 18. Rcc1 Rac8 19. Bg5 f6 20. Bh4 Qb4 21. Qd3
Nf4 22. Qe3 Qd6 23. Bg3 Nd5 24. Qe4 Qd7 25. Bd3 f5 26. Qh4 Ncb4 27. Bb1 Nc3 28.
Re1 Ne2+ 29. Rxe2 Rxc1+ 30. Re1 Rxe1+ 31. Nxe1 Qxd4 32. Qe7 Qd5 33. Qxb4 Qd2
34. Qxd2 Rxd2 35. Bc2 Bd5 36. a4 b4 37. Bf4 Rd4 38. Be3 Rc4 39. Bb3 Re4 40. Bc2
Rc4 41. Bb3 Rc6 42. Bxd5 exd5 43. Nd3 b3 44. Kf1 Rc2 45. Bc1 Rxc1+ 46. Nxc1 b2
0-1

[Event "Jay Khedkar mem."]
[Site "Winnipeg CAN"]
[Date "2022.11.22"]
[Round "4.9"]
[White "Remillard, John"]
[Black "Aiello, Pietro"]
[Result "1-0"]
[WhiteElo "1537"]
[BlackElo "1613"]
[PlyCount "43"]
[EventDate "2022.11.01"]
[EventType "swiss"]
[EventRounds "5"]
[EventCountry "CAN"]

1. Nf3 d5 2. g3 Nf6 3. Bg2 Nc6 4. d4 e6 5. O-O Bd6 6. Re1 Bd7 7. e4 Nxe4 8.
Nbd2 Nf6 9. Nb3 Ne4 10. Ne5 Nxe5 11. dxe5 Bxe5 12. Bxe4 dxe4 13. Rxe4 Bd6 14.
Qg4 Rg8 15. Qh5 Bc6 16. Rxe6+ Be7 17. Re1 Qd5 18. Qxd5 Bxd5 19. Bf4 Be6 20. Nd4
O-O-O 21. Nxe6 fxe6 22. Rxe6 {
Score sheets unclear here - White won on time in 68 moves.} 1-0

[Event "Jay Khedkar mem."]
[Site "Winnipeg CAN"]
[Date "2022.11.29"]
[Round "5.1"]
[White "Jodar, Marlon"]
[Black "Odugbesan, Michael (Adedapo)"]
[Result "1-0"]
[WhiteElo "2310"]
[BlackElo "2228"]
[PlyCount "81"]
[EventDate "2022.11.01"]
[EventType "swiss"]
[EventRounds "5"]
[EventCountry "CAN"]

1. e4 c5 2. Nf3 d6 3. d4 cxd4 4. Nxd4 Nf6 5. Nc3 a6 6. Be3 e5 7. Nb3 Be6 8. f3
Be7 9. Qd2 Qc7 10. g4 Nbd7 11. g5 Nh5 12. O-O-O O-O 13. Kb1 Rfc8 14. Nd5 Bxd5
15. exd5 Nb6 16. Na5 Bd8 17. Bh3 Rcb8 18. Bg4 Nf4 19. Bxf4 exf4 20. Qxf4 Nd7
21. Nc4 Ne5 22. Nxe5 dxe5 23. Qd2 Qd6 24. h4 b5 25. h5 Ra7 26. Bf5 Rbb7 27. g6
fxg6 28. Be6+ Kf8 29. hxg6 h6 30. Rh5 Bf6 31. Rf5 Ke8 32. Rxf6 gxf6 33. Qxh6
Qf8 34. Qh5 Ke7 35. Qg4 Kd8 36. d6 Rb6 37. Qg1 Rbb7 38. Qc5 Ra8 39. Qc6 Rab8
40. Rh1 a5 41. Rh7 1-0

[Event "Jay Khedkar mem."]
[Site "Winnipeg CAN"]
[Date "2022.11.29"]
[Round "5.2"]
[White "Hansima, Charitha"]
[Black "Baron, Gustav"]
[Result "0-1"]
[WhiteElo "1657"]
[BlackElo "2058"]
[PlyCount "96"]
[EventDate "2022.11.01"]
[EventType "swiss"]
[EventRounds "5"]
[EventCountry "CAN"]

1. d4 Nf6 2. Nf3 d5 3. Bf4 c5 4. e3 Bf5 5. c3 Qb6 6. Qb3 c4 7. Qxb6 axb6 8.
Nbd2 b5 9. Be2 Nc6 10. Ne5 Nxe5 11. dxe5 Nd7 12. Bf3 e6 13. e4 dxe4 14. Nxe4
Bxe4 15. Bxe4 Nc5 16. Bc2 Be7 17. O-O Kd7 18. a3 Kc7 19. Rad1 Rad8 20. Be3 Nd7
21. f4 g6 22. Rd2 Kc8 23. Rfd1 Bc5 24. Kf2 b6 25. Be4 Kc7 26. Ke2 Nb8 27. Bd4
Rd7 28. Ke3 Rhd8 29. g3 Nc6 30. Bxc6 Kxc6 31. Ke4 h5 32. h3 Kb7 33. Ke3 Kc6 34.
Bxc5 Rxd2 35. Rxd2 Rxd2 36. Kxd2 bxc5 37. Kc2 Kb6 38. Kd2 Ka5 39. Kc2 Ka4 40.
g4 h4 41. g5 b4 42. cxb4 cxb4 43. axb4 Kxb4 44. Kb1 Kb3 45. Kc1 c3 46. bxc3
Kxc3 47. Kd1 Kd3 48. Ke1 Ke3 0-1

[Event "Jay Khedkar mem."]
[Site "Winnipeg CAN"]
[Date "2022.11.29"]
[Round "5.3"]
[White "Odeyemi, Emmanuel"]
[Black "Charter, Bennet"]
[Result "0-1"]
[WhiteElo "1298"]
[BlackElo "1727"]
[PlyCount "60"]
[EventDate "2022.11.01"]
[EventType "swiss"]
[EventRounds "5"]
[EventCountry "CAN"]

1. d4 d5 2. c4 c6 3. Nf3 e6 4. Nc3 dxc4 5. e3 b5 6. a3 Nf6 7. Bd2 Bb7 8. Be2
Nbd7 9. O-O Nd5 10. e4 Nxc3 11. Bxc3 Nf6 12. Qc2 Be7 13. h3 O-O 14. Rfd1 Qc7
15. e5 Nd5 16. Rac1 a5 17. Bd2 c5 18. Ng5 Bxg5 19. Bxg5 cxd4 20. Qe4 Nc3 21.
Qg4 Nxe2+ 22. Qxe2 d3 23. Rxd3 cxd3 24. Qxd3 Qxe5 25. h4 Rac8 26. Re1 Qxe1+ 27.
Kh2 Qe5+ 28. Kh1 f6 29. Be3 Rfd8 30. Qe2 Rc1+ 0-1

[Event "Jay Khedkar mem."]
[Site "Winnipeg CAN"]
[Date "2022.11.29"]
[Round "5.4"]
[White "Rutter, Blair"]
[Black "Minano, John"]
[Result "1-0"]
[WhiteElo "1900"]
[BlackElo "1794"]
[PlyCount "91"]
[EventDate "2022.11.01"]
[EventType "swiss"]
[EventRounds "5"]
[EventCountry "CAN"]

1. c4 Nf6 2. g3 g6 3. Bg2 Bg7 4. e4 d6 5. Nc3 O-O 6. Nge2 c6 7. O-O e5 8. d3
Na6 9. h3 Re8 10. Rb1 Be6 11. b3 Qd7 12. Kh2 Nh5 13. d4 Qc7 14. d5 Bd7 15. Be3
Rf8 16. Qd2 f5 17. f4 exf4 18. Nxf4 Nxf4 19. Bxf4 c5 20. Rbe1 Rae8 21. exf5
gxf5 22. Bh6 Rxe1 23. Rxe1 Be8 24. Qg5 Kh8 25. Ne2 Bxh6 26. Qxh6 Qg7 27. Qxd6
Rg8 28. Nc1 Nb4 29. Qe5 Bg6 30. Bf3 Qxe5 31. Rxe5 Re8 32. Rxe8+ Bxe8 33. Kg2
Kg7 34. Kf2 Kf6 35. Ke3 Bd7 36. Kd2 Na6 37. Nd3 b6 38. Ke3 Nc7 39. Kf4 a5 40.
Bh5 a4 41. Ne5 axb3 42. Nxd7+ Ke7 43. axb3 Kxd7 44. Kxf5 Kd6 45. Kf6 b5 46. Bf7
1-0

[Event "Jay Khedkar mem."]
[Site "Winnipeg CAN"]
[Date "2022.11.29"]
[Round "5.5"]
[White "Letain, Cory"]
[Black "Zhou, Joe (Zixuan)"]
[Result "1-0"]
[WhiteElo "1799"]
[BlackElo "1267"]
[PlyCount "50"]
[EventDate "2022.11.01"]
[EventType "swiss"]
[EventRounds "5"]
[EventCountry "CAN"]

1. e4 c5 2. Nf3 Nc6 3. d4 cxd4 4. c3 dxc3 5. Bc4 d6 6. Nxc3 Nf6 7. Ng5 Ne5 8.
Bb3 e6 9. O-O h6 10. Nf3 Nxf3+ 11. Qxf3 Be7 12. Be3 e5 13. Nd5 Be6 14. Rac1
Nxd5 15. Bxd5 Bxd5 16. exd5 Qd7 17. Qg3 g6 18. f4 Bf6 19. fxe5 Bxe5 20. Bf4
Bxf4 21. Qxf4 Kf8 22. Rc2 Re8 23. Rfc1 b5 24. h3 Kg7 25. Rc7 Qd8 1-0

[Event "Jay Khedkar mem."]
[Site "Winnipeg CAN"]
[Date "2022.11.29"]
[Round "5.6"]
[White "Skop, Mike"]
[Black "Remillard, John"]
[Result "1-0"]
[WhiteElo "1645"]
[BlackElo "1537"]
[PlyCount "111"]
[EventDate "2022.11.01"]
[EventType "swiss"]
[EventRounds "5"]
[EventCountry "CAN"]

1. c3 e5 2. Na3 Bxa3 3. bxa3 d5 4. g3 Ne7 5. Nh3 O-O 6. Bg2 Nbc6 7. O-O f5 8.
d4 e4 9. Nf4 g5 10. Nh5 Ng6 11. e3 g4 12. h4 Nxh4 13. gxh4 Qxh4 14. Nf4 Rf6 15.
Re1 Ne7 16. Kf1 h5 17. Ke2 Qg5 18. Rh1 h4 19. Bd2 b6 20. Qa4 Kf7 21. Rxh4 Qxh4
22. Rh1 Qxh1 23. Bxh1 Rh6 24. Bg2 a5 25. Kf1 Ba6+ 26. Kg1 c6 27. Qb3 b5 28. a4
Rb8 29. Bf1 Ng6 30. Nxd5 cxd5 31. Qxd5+ Kg7 32. Qd7+ Kg8 33. Qe6+ Kg7 34. Qxa6
Rbh8 35. Qb7+ Kf6 36. Bg2 Nh4 37. Qc7 Nf3+ 38. Bxf3 gxf3 39. Qd6+ Kf7 40. Qd7+
Kf6 41. Qd6+ Kf7 42. Qd5+ Kg6 43. Qe6+ Kg7 44. Qe5+ Kg6 45. Qxh8 Rxh8 46. axb5
Kf6 47. c4 a4 48. Bb4 Ke6 49. d5+ Kd7 50. c5 Rh6 51. c6+ Kc7 52. Bc5 Kc8 53. b6
Kb8 54. d6 Kc8 55. b7+ Kb8 56. d7 1-0

[Event "Jay Khedkar mem."]
[Site "Winnipeg CAN"]
[Date "2022.11.29"]
[Round "5.7"]
[White "MacPherson, Al"]
[Black "Einarsson, Ken"]
[Result "1/2-1/2"]
[WhiteElo "1749"]
[BlackElo "1809"]
[PlyCount "94"]
[EventDate "2022.11.01"]
[EventType "swiss"]
[EventRounds "5"]
[EventCountry "CAN"]

1. d4 c6 2. c4 d5 3. Nc3 Nf6 4. Nf3 Bg4 5. cxd5 Nxd5 6. e4 Nf6 7. Bg5 Bxf3 8.
gxf3 h6 9. Be3 e6 10. Qc2 Nbd7 11. Bc4 Rc8 12. a3 c5 13. d5 exd5 14. Nxd5 Nxd5
15. Bxd5 b6 16. Rd1 Qf6 17. Qe2 Ne5 18. Qb5+ Nc6 19. Rg1 Be7 20. e5 Qxe5 21.
Bxc6+ Kf8 22. Ke2 Bg5 23. Be4 Bxe3 24. fxe3 Qxh2+ 25. Kf1 Qh3+ 26. Kf2 Qh2+ 27.
Rg2 Qh4+ 28. Kg1 Rd8 29. Rxd8+ Qxd8 30. Qd3 Qxd3 31. Bxd3 g6 32. Rd2 Ke7 33.
Bb5 Rd8 34. Rxd8 Kxd8 35. Kf2 Ke7 36. Kg3 Ke6 37. Bc4+ Kf6 38. f4 g5 39. fxg5+
hxg5 40. Kg4 Ke5 41. Bxf7 Ke4 42. Kxg5 Kxe3 43. Kf5 Kd4 44. b3 b5 45. Ke6 c4
46. Kd6 cxb3 47. Bxb3 Kc3 1/2-1/2

[Event "Jay Khedkar mem."]
[Site "Winnipeg CAN"]
[Date "2022.11.29"]
[Round "5.9"]
[White "Sharma, Rohit"]
[Black "Klokow, John"]
[Result "1/2-1/2"]
[WhiteElo "1611"]
[BlackElo "1661"]
[PlyCount "104"]
[EventDate "2022.11.01"]
[EventType "swiss"]
[EventRounds "5"]
[EventCountry "CAN"]

1. c4 e5 2. e3 Nf6 3. Nc3 Bb4 4. a3 Bxc3 5. bxc3 b6 6. d4 e4 7. Ne2 d5 8. Ng3
O-O 9. Be2 Re8 10. Bb2 Ba6 11. Qa4 Bxc4 12. Bxc4 dxc4 13. Qxc4 Nbd7 14. Qb5 Nf8
15. Qf5 Qd5 16. O-O Qxf5 17. Nxf5 Ne6 18. c4 Nd7 19. d5 Nec5 20. Nxg7 Red8 21.
Nf5 Nd3 22. Bc3 N7e5 23. Ng3 Nxc4 24. Nxe4 f5 25. Nf6+ Kf7 26. Nxh7 Rxd5 27.
Ng5+ Ke7 28. h3 Rg8 29. h4 f4 30. e4 Rd7 31. f3 Rg6 32. Kh2 Rh6 33. g3 fxg3+
34. Kxg3 Nde5 35. Rad1 Ng6 36. Rxd7+ Kxd7 37. Rh1 Nxa3 38. Bg7 Rh8 39. Bxh8
Nxh8 40. e5 c5 41. Ne4 Ke6 42. h5 b5 43. f4 c4 44. Nc5+ Kf5 45. Rd1 b4 46. Rc1
b3 47. Rxc4 Nxc4 48. Nxb3 a5 49. Nxa5 Nxa5 50. Kh4 Nc6 51. h6 Kxf4 52. e6 Kf5
1/2-1/2

[Event "Jay Khedkar mem."]
[Site "Winnipeg CAN"]
[Date "2022.11.29"]
[Round "5.10"]
[White "Aiello, Pietro"]
[Black "March, John"]
[Result "1-0"]
[WhiteElo "1613"]
[BlackElo "1310"]
[PlyCount "63"]
[EventDate "2022.11.01"]
[EventType "swiss"]
[EventRounds "5"]
[EventCountry "CAN"]

1. e4 c6 2. d4 d5 3. e5 Bf5 4. Nf3 e6 5. Nbd2 c5 6. c3 c4 7. Be2 Ne7 8. Nh4
Nbc6 9. Ndf3 Bg6 10. Bg5 Qb6 11. Qd2 h6 12. Nxg6 Nxg6 13. Be3 Nce7 14. O-O Nf5
15. Ne1 Nxe3 16. fxe3 Nh4 17. Bg4 h5 18. Bh3 g5 19. Qf2 Rh7 20. a4 Ng6 21. a5
Qc6 22. g3 g4 23. Bg2 a6 24. Qc2 Rg7 25. Qa4 Ne7 26. e4 Rg5 27. exd5 exd5 28.
Rf6 Qxa4 29. Rxa4 Rf5 30. Nc2 O-O-O 31. Ne3 Bh6 32. Nxf5 1-0

[Event "Ladder 2"]
[Site "Gatineau CAN"]
[Date "2022.03.01"]
[Round "1"]
[White "Fang, Johnny"]
[Black "Villeneuve, Denis"]
[Result "0-1"]
[WhiteElo "1241"]
[BlackElo "1458"]
[PlyCount "162"]
[EventDate "2022.03.01"]
[EventType "swiss"]
[EventRounds "6"]
[EventCountry "CAN"]

1. e4 d6 2. Nf3 e5 3. Bc4 c6 4. Nc3 Be7 5. d3 Nf6 6. O-O O-O 7. h3 b5 8. Bb3 a5
9. a4 b4 10. Ne2 Nbd7 11. d4 Nxe4 12. Ng3 Nxg3 13. fxg3 e4 14. Nh2 d5 15. c4
bxc3 16. bxc3 Nf6 17. c4 h6 18. cxd5 cxd5 19. Qc2 Qb6 20. Be3 Ba6 21. Rf5 Rac8
22. Qa2 Bb7 23. Rb1 Bb4 24. Ng4 Nxg4 25. hxg4 Qd6 26. Bf4 Qg6 27. Bxd5 Bxd5 28.
Qxd5 Qxg4 29. Qxe4 Rfe8 30. Qd5 Re6 31. Rf1 Rf8 32. Re5 Rd6 33. Qe4 Qd7 34. d5
Qxa4 35. Kh2 Qd7 36. Re7 Qg4 37. Bxd6 Qxe4 38. Rxe4 Bxd6 39. Ra1 Bb4 40. Rd4
Bc3 41. Rda4 Bxa1 42. Rxa1 Ra8 43. Kh3 Kf8 44. Kg4 Ke7 45. Kf4 Kd6 46. Ke4 a4
47. Kd4 a3 48. Kc4 a2 49. g4 Rc8+ 50. Kd4 Ra8 51. Kc4 Ra4+ 52. Kb5 Rxg4 53.
Rxa2 Kxd5 54. Rd2+ Rd4 55. Rf2 f6 56. Re2 Re4 57. Rd2+ Ke5 58. Rf2 g5 59. Kc5
Rf4 60. Re2+ Kf5 61. Kd5 Kg4 62. Re3 Kf5 63. Rh3 Kg6 64. Ke6 h5 65. Kd5 g4 66.
Rh2 Kg5 67. Rh1 Rf2 68. Rg1 f5 69. Kd4 Kf4 70. g3+ Kf3 71. Kd3 Rg2 72. Rf1+
Kxg3 73. Rxf5 h4 74. Rf1 h3 75. Ke3 h2 76. Rh1 Rg1 77. Rxh2 Kxh2 78. Kf2 g3+
79. Kf3 Rf1+ 80. Kg4 g2 81. Kh4 g1=Q 0-1

[Event "Ladder 2"]
[Site "Gatineau CAN"]
[Date "2022.03.01"]
[Round "1"]
[White "Fang, Zhou"]
[Black "Bastien, Andre"]
[Result "0-1"]
[WhiteElo "1704"]
[BlackElo "1764"]
[PlyCount "74"]
[EventDate "2022.03.01"]
[EventType "swiss"]
[EventRounds "6"]
[EventCountry "CAN"]

1. e4 e5 2. Nf3 Nc6 3. d4 exd4 4. Nxd4 Nf6 5. Nc3 Bb4 6. Bg5 h6 7. Nxc6 bxc6 8.
Bd2 O-O 9. Bd3 d5 10. e5 Re8 11. f4 Ng4 12. g3 Bc5 13. Qf3 Nf2 14. Na4 Bd4 15.
Bc3 Bg4 16. Qg2 Nxh1 17. Bxd4 Qb8 18. c3 f6 19. h3 Bh5 20. g4 Bf7 21. Qxh1 fxe5
22. fxe5 c5 23. Bxc5 Rxe5+ 24. Kd2 Qe8 25. Bd4 Re7 26. Nc5 Rb8 27. b4 a5 28.
Qf3 axb4 29. Qf5 Bg6 30. Qxg6 Re2+ 31. Kc1 Re1+ 32. Kc2 Qxg6 33. Rxe1 Qd6 34.
cxb4 Rxb4 35. Kc3 Rb8 36. a4 Qb6 37. Bb5 Qa5+ 0-1

[Event "Ladder 2"]
[Site "Gatineau CAN"]
[Date "2022.03.01"]
[Round "1"]
[White "Godbout, Elliott"]
[Black "Thompson, Francis"]
[Result "1/2-1/2"]
[WhiteElo "1230"]
[BlackElo "1361"]
[PlyCount "100"]
[EventDate "2022.03.01"]
[EventType "swiss"]
[EventRounds "6"]
[EventCountry "CAN"]

1. e4 c5 2. Nf3 d6 3. d4 cxd4 4. Nxd4 Nf6 5. Nc3 Nc6 6. Nxc6 bxc6 7. Be2 e5 8.
Bg5 h6 9. Bh4 Qb6 10. Bxf6 gxf6 11. Rb1 Be6 12. a3 Rg8 13. g3 Bh3 14. Bf1 Bxf1
15. Kxf1 O-O-O 16. Qf3 Rg6 17. Kg2 Be7 18. Rhd1 Qb7 19. Na2 d5 20. exd5 cxd5
21. c3 a5 22. Qf5+ Qd7 23. Qxd7+ Rxd7 24. Rd2 f5 25. Rbd1 Rgd6 26. Nc1 a4 27.
Nd3 Re6 28. Nb4 Bxb4 29. axb4 d4 30. cxd4 Rxd4 31. Rxd4 exd4 32. Rxd4 Re2 33.
b5 Rxb2 34. Rxa4 Rxb5 35. Ra8+ Kd7 36. Ra6 h5 37. Rh6 f4 38. Rf6 fxg3 39. hxg3
Ke7 40. Rh6 Kf8 41. Kh3 Kg7 42. Rc6 f6 43. Rc4 Rb1 44. Kg2 Rb2 45. Re4 Ra2 46.
Kf3 Kg6 47. Re2 Rxe2 48. Kxe2 Kg5 49. Kf3 f5 50. Kg2 f4 1/2-1/2

[Event "Ladder 2"]
[Site "Gatineau CAN"]
[Date "2022.03.01"]
[Round "1"]
[White "Latreille, Etienne"]
[Black "Azar, Sebastien"]
[Result "0-1"]
[WhiteElo "1841"]
[BlackElo "1920"]
[PlyCount "80"]
[EventDate "2022.03.01"]
[EventType "swiss"]
[EventRounds "6"]
[EventCountry "CAN"]

1. e4 c5 2. Nf3 d6 3. Bb5+ Bd7 4. Bxd7+ Nxd7 5. O-O Ngf6 6. Qe2 e6 7. Rd1 Be7
8. d4 cxd4 9. Nxd4 O-O 10. c4 a6 11. Nc3 Rc8 12. a4 Qa5 13. Nc2 Ne5 14. Bd2
Nxc4 15. Nd5 Qd8 16. Nxe7+ Qxe7 17. Bb4 a5 18. e5 axb4 19. exf6 Qxf6 20. b3 Na5
21. Rab1 Qc3 22. Nd4 Qc5 23. g3 d5 24. h4 Qb6 25. h5 h6 26. Nb5 Qc5 27. Qe1 Nc6
28. Rb2 d4 29. Qe2 Rfd8 30. Rbd2 e5 31. Rd3 f5 32. Rf3 e4 33. Rf4 d3 34. Qe3
Qxe3 35. fxe3 Rd5 36. g4 Ne5 37. gxf5 d2 38. Kf1 Rc1 39. Ke2 Rxd1 40. Kxd1 Nd3
0-1

[Event "Ladder 2"]
[Site "Gatineau CAN"]
[Date "2022.03.01"]
[Round "1"]
[White "Lecorre, Joel"]
[Black "Labelle, Raymond"]
[Result "1-0"]
[WhiteElo "1528"]
[BlackElo "1569"]
[PlyCount "47"]
[EventDate "2022.03.01"]
[EventType "swiss"]
[EventRounds "6"]
[EventCountry "CAN"]

1. e4 e6 2. d4 d5 3. e5 c5 4. c3 Nc6 5. Nf3 Qb6 6. Bd3 cxd4 7. cxd4 Bd7 8. Nc3
Nxd4 9. Nxd4 Qxd4 10. Qe2 Qb4 11. a3 Qa5 12. Bd2 Qd8 13. O-O h6 14. Rac1 a6 15.
Be3 Bc6 16. Bd4 Ne7 17. f4 Nf5 18. Bxf5 exf5 19. e6 fxe6 20. Qxe6+ Qe7 21. Qxf5
Qd7 22. Rfe1+ Kd8 23. Bb6+ Kc8 24. Re8# 1-0

[Event "Ladder 2"]
[Site "Gatineau CAN"]
[Date "2022.03.01"]
[Round "1"]
[White "Obayojie, Emmanuel"]
[Black "Simard, Francois"]
[Result "1-0"]
[WhiteElo "1350"]
[BlackElo "1443"]
[PlyCount "61"]
[EventDate "2022.03.01"]
[EventType "swiss"]
[EventRounds "6"]
[EventCountry "CAN"]

1. e4 c5 2. Nf3 d6 3. Nc3 Nc6 4. d4 cxd4 5. Nxd4 Nf6 6. Bc4 g6 7. O-O Bg7 8.
Re1 O-O 9. Bg5 Bd7 10. Nd5 Nxd5 11. Nxc6 bxc6 12. exd5 Re8 13. Qf3 c5 14. Re2
h6 15. Bh4 Rb8 16. Rae1 g5 17. Bg3 Bb5 18. b3 Bxc4 19. bxc4 Rb2 20. h4 Bf6 21.
Qxf6 exf6 22. Rxe8+ Qxe8 23. Rxe8+ Kg7 24. Bxd6 Rxc2 25. Bxc5 Rxc4 26. Bxa7 Ra4
27. Bc5 Rxa2 28. d6 Ra1+ 29. Kh2 Rd1 30. Re7 gxh4 31. d7 1-0

[Event "Ladder 2"]
[Site "Gatineau CAN"]
[Date "2022.03.01"]
[Round "1"]
[White "Raymond, Daniel"]
[Black "Desjardins, Michel"]
[Result "1-0"]
[WhiteElo "1762"]
[BlackElo "1826"]
[PlyCount "43"]
[EventDate "2022.03.01"]
[EventType "swiss"]
[EventRounds "6"]
[EventCountry "CAN"]
[TimeControl "240+2"]

1. e4 d5 2. exd5 Qxd5 3. Nc3 Qd6 4. d4 Nf6 5. Nf3 g6 6. h3 a6 7. g3 b5 8. Bg2
Bb7 9. O-O Bg7 10. Re1 O-O 11. Bf4 Qd8 12. Qe2 Re8 13. Qd2 Nbd7 14. Rad1 Nb6
15. b3 Rc8 16. Ne5 Bxg2 17. Kxg2 Nbd5 18. Nxd5 Qxd5+ 19. Kh2 c5 20. c4 bxc4 21.
Nxc4 Qxd4 22. Qc2 1-0

[Event "Ladder 2"]
[Site "Gatineau CAN"]
[Date "2022.03.01"]
[Round "1"]
[White "Seguin, Hubert"]
[Black "Blais, Robert"]
[Result "1-0"]
[WhiteElo "1541"]
[BlackElo "1629"]
[PlyCount "55"]
[EventDate "2022.03.01"]
[EventType "swiss"]
[EventRounds "6"]
[EventCountry "CAN"]

1. e4 e5 2. Nf3 Nc6 3. Bb5 d6 4. d4 exd4 5. Nxd4 Bd7 6. Nxc6 Bxc6 7. Bxc6+ bxc6
8. Nc3 Nf6 9. O-O Be7 10. Re1 O-O 11. Qf3 Nd7 12. Bf4 Bf6 13. Rab1 Re8 14. Ne2
Rb8 15. c3 Nc5 16. Nd4 Qd7 17. Nf5 Ne6 18. Bd2 Be5 19. Qg4 g6 20. f4 Bg7 21.
Nxg7 Kxg7 22. f5 Nc5 23. b4 Nxe4 24. Rxe4 Rxe4 25. Qxe4 Re8 26. Qd4+ f6 27.
fxg6 hxg6 28. Re1 1-0

[Event "Ladder 2"]
[Site "Gatineau CAN"]
[Date "2022.03.15"]
[Round "2"]
[White "Bastien, Andre"]
[Black "Latreille, Etienne"]
[Result "0-1"]
[WhiteElo "1764"]
[BlackElo "1841"]
[PlyCount "96"]
[EventDate "2022.03.01"]
[EventType "swiss"]
[EventRounds "6"]
[EventCountry "CAN"]

1. d4 d5 2. Nf3 Nf6 3. e3 c6 4. Bd3 Bg4 5. Nbd2 Nbd7 6. b3 e6 7. Bb2 Bd6 8. c4
O-O 9. Qc2 Qb8 10. Qc3 b5 11. c5 b4 12. Qc2 Bc7 13. Ng5 h6 14. Nh7 Nxh7 15.
Bxh7+ Kh8 16. h3 Bh5 17. g4 f5 18. gxh5 Kxh7 19. Rg1 Qe8 20. O-O-O Qxh5 21. f4
Bd8 22. Qd3 a5 23. Qf1 Bf6 24. Nf3 a4 25. h4 a3 26. Ba1 Nxc5 27. Ng5+ Kh8 28.
dxc5 Bxa1 29. Nxe6 Rf7 30. Nd4 Bb2+ 31. Kb1 Bxd4 32. Rxd4 Qxh4 33. Rxb4 Qe7 34.
Qc1 Ra5 35. Rb8+ Rf8 36. Rxf8+ Qxf8 37. b4 Rb5 38. Qc3 Kh7 39. Kc2 Qe7 40. Kb3
Rb7 41. Kxa3 Qe4 42. Kb3 Re7 43. Rg3 Qb1+ 44. Qb2 Qe1 45. Rh3 Qf1 46. Qh2 Qc4+
47. Kb2 Qxb4+ 48. Ka1 Qe1+ 0-1